000 00665nam a2200241Ia 4500
003 OSt
005 20221006151336.0
006 a|||||r|||| 00| 0
007 ta
008 221006b |||||||| |||| 00| 0 eng d
020 _cW7,800
024 _a21,764
037 _bGift, Korea Foundation
_cTextual
040 _aEASL
_cEASL
_beng
041 _2eng
_aeng
082 _aO495,1, 111P1
100 _aO'ROURKE Kevin Ed.
_9658972
245 0 _aShijo rhythms
260 _aSeoul
_bEastward Korea
_c2001
300 _a133p.
_ccm.
942 _hO495,1, 111P1
_cTEXL
_2CC
999 _c1089850
_d1089850